000 00781nam2a2200205 4500
001 RU\NLR\PER_A\003157819_000740
005 20250626131244.0
035 _a(NLR Aleph) 011781772
090 _a11780437
_c11780437
100 _a20180904d2018 |||y0rusy50 ca
101 0 _arus
102 _aRU
200 0 _a2018, № 2 (33)
210 _d2018
_aБ. м.
461 0 _1001RU\NLR\Per\649722
_12001#$aГимнастика$eжурнал Федерации спортивной гимнастики России$v2018, № 2 (33)
_93073119
_cМосква
_d2009 -
_nА2
_oжурнал Федерации спортивной гимнастики России
_tГимнастика
_v2018, № 2 (33)
852 _aNLR
_jП41/429
942 _cISSUE
980 _aNB
980 _aRUSPER